000
00310nam a2200133Ia 4500
003
OSt
008
191201s2007 xx 000 0 und d
100
_a
TAYEB, Monir H
245
0
_a
International Human Resource Management
260
_a
N. Delhi
_b
Oxford
_c
2007
300
_a
242
650
_a
MBA
942
_2
ddc
_c
BK
999
_c
212
_d
212